[Event "Malakoff op 09th"]
[Site "Malakoff"]
[Date "2009.04.15"]
[Round "7"]
[White "Sveshnikov, Evgeny"]
[Black "Shirazi, Kamran"]
[Result "0-1"]
[WhiteElo "2554"]
[BlackElo "2415"]
[Annotator "Malakoff/Primel,D"]
[PlyCount "128"]
[EventDate "2009.04.11"]
[EventType "swiss"]
[EventRounds "9"]
[EventCountry "FRA"]
[SourceTitle "EXT 2010"]
[Source "ChessBase"]
[SourceDate "2010.11.25"]
[SourceVersion "1"]
[SourceVersionDate "2010.11.25"]
[SourceQuality "1"]

1. e4 {1H30} c5 {Comme souvent SHIRAZI est arrivé avec un grand retard} 2. c3
Nf6 3. e5 Nd5 4. Nf3 Nc6 5. d4 {1H28} (5. Bc4 {Sveshnikov,V (2385)-Shirazi,K 
(2404) Malakoff 09th Op 2009 (5.1) 1-0}) 5... cxd4 6. Bc4 (6. cxd4 d6 7. Bc4
Nb6 8. Bb5 dxe5 9. Nxe5 Bd7 10. Nc3 e6 11. Qg4 $36 {Sveshnikov,E (2565)-Tal,M 
(2625) URS-ch46 Tbilisi 1978 (2) 1/2}) 6... Nb6 7. Bb3 d6 (7... d5 {transpose
après ed6}) 8. exd6 Qxd6 9. O-O d3 $5 {une ligne rare et selon les bases le
GMI n'y a pas été confronté et d'ailleurs, il n'en parle pas dans sa
monographie récente.} (9... Be6 {la grande variante et la théorie recommande
d'accepter le gambit malgré les compensations des blancs.} 10. Na3 {[%cal
Ga3b5,Gb5c6,Gb5c3,Gb5d4]} dxc3 $1 {Morozevich,A (2742)-Topalov,V (2739)
Amber-rapid 11th 2002 (2) 1/2}) 10. Ng5 $5 {[%csl Rf7] 1h24} (10. Na3 $5 {
[%cal Ga3b5,Gb5d6,Gb5d4,Gb5c7];Schmittdiel,E (2430)-Gutman,L (2530) Lugano op
1987 1-0}) 10... e6 11. Qf3 $146 {Une nouveauté pas trés impressionnante car
les noirs semblent ok après Ne5} (11. Nd2 h6 12. Nge4 (12. Ngf3) 12... Qd8 13.
Qh5 g6 14. Qf3 Bg7 15. Nc4 Nxc4 16. Bxc4 Ne5 17. Bb5+ Bd7 18. Bxd7+ Qxd7 19.
Nf6+ Ke7 20. Nxd7 Nxf3+ 21. gxf3 Rhd8 22. Nc5 d2 23. Bxd2 Rxd2 24. Rab1 b6 25.
Ne4 Rd3 {Michalek,J (2320)-Oral,T (2538)/Czechia 2009/Mega2009 Update 13/0-1 
(40)}) (11. Qh5 g6 12. Qf3 Ne5 13. Qf6 Rg8 14. Ne4 Qc7 15. Qh4 $13 {[%csl Rh7]
[%cal Ge4f6]}) 11... Ne5 $1 $132 {[%csl Ge5][%cal Ge5f3,Ge5f7]} 12. Qg3 {
[%cal Gg3d6]} Ng6 (12... h5 $5 {[%cal Gh5h4] Une idée thématique face а Qg3
lorsque les noirs n'ont pas roqué} 13. Ne4 (13. Nd2 h4 (13... Ng4 {[%csl Rh2]}
14. Nde4 Qxg3 15. hxg3 h4 $1 $15 {[%csl Gh8]})) (13. h4 $6 Ng6 $15 {[%csl Rh4]
[%cal Gd6g3,Gg6h4]} 14. Qf3 (14. Qxd6 $143 Bxd6 $17) 14... f6 15. Ne4 Qc6 16.
Qxd3 Nxh4) (13. Rd1 h4 $15)) (12... a5 $143 {[%cal Ga5a4]} 13. Bf4 $14) 13. Rd1
Qxg3 14. hxg3 $11 Ne5 $5 {[%cal Ge5d3] Typique du style risqué du MI et plus
simple était Be7 pour privilégier le développement mais les blancs vont avoir
du mal а gagner le P"d3"} (14... Be7 15. Rxd3 Bd7) (14... Bd7 15. Rxd3 Bc6 16.
Nd2 Ne5 17. Re3 Bd6 18. Ndf3 Nbc4 {[%cal Gc4e3]} 19. Re1 Rd8 (19... h6 $143 $6
20. Nxe5 Nxe5 21. Nxe6 $3 fxe6 22. Bf4 $40 {[%csl Rd6,Re6]})) 15. Nd2 (15. f4
$2 Ng4 {[%csl Re3,Rf2][%cal Gf8c5]} 16. Rxd3 Bc5+ $36) (15. Na3 $5 Be7 (15...
f6) 16. f4 (16. Bf4 Ng6 17. Be3 Bd7 18. Rxd3 Bc6 19. Rad1 h6 20. Nf3 Bxf3 21.
gxf3 Ne5 {[%cal Ge5d3,Ge5f3]}) 16... Bxg5 17. fxg5 Bd7 18. Bf4 Ng6 19. Rxd3
Nxf4 (19... e5 20. Re1) 20. gxf4 O-O-O 21. Rad1 {[%csl Rh7]}) 15... Be7 16.
Ndf3 Ned7 17. Ne4 (17. Rxd3 $143 Nc5 {[%cal Gc5b3,Gc5d3]}) 17... f5 $1 {
[%cal Gd7c5]} 18. Neg5 Nc5 $1 {[%csl Gc5][%cal Gc5b3,Gc5d3,Gc5e6,Gc8e6] un
fort coup qui tient la position noire} 19. Ne5 $13 Nbd7 20. Nxd3 Nxd3 21. Nxe6
$3 {[%cal Ge6c7] Mettant le feu а l'échiquier et le manque de temps des noirs
est un facteur important} (21. Rxd3 {plus simple mais moins spectaculaire} Nc5
22. Rd1 Nxb3 23. axb3 e5 $132) 21... Nxc1 22. Raxc1 (22. Nc7+ Kf8 23. Nxa8 $2 (
23. Raxc1 Rb8 24. Ne6+ Kf7 25. Re1 $13) 23... Nxb3) 22... Nb6 {[%cal Gc8e6]}
23. Nc7+ {17 mns pour passer le contrôle du 40ème coup} (23. Nxg7+ $143 $6 {
Provoque des échanges qui vont soulager la défense des noirs.} Kf8 24. Ne6+
Bxe6 25. Bxe6 Kg7 26. Bxf5 {[%csl Gf2][%cal Gf2f8]} Rad8 $17) 23... Kf8 {25mns}
24. c4 $5 {Le GMI renonce а prendre la qualité pour garder une pièce
supplémentaire dans l'attaque du K adverse et la position est très compliquée.}
(24. Nxa8 $143 Nxa8 25. Rd4 (25. Rd5 Nb6 26. Ra5 a6 27. Rd1 g6 (27... h5 {
[%cal Gh5h4]}) 28. Re5 Nd7 (28... Bf6) 29. Re2) 25... g6 26. Re1 Bf6 27. Ra4 a6
28. Rb4 b5 29. a4 Nc7 $15) 24... Rb8 25. c5 Na8 {[%csl Ra8,Rb8,Rc8,Rf8,Rh8]
Une position étonnante car а part le Be7, toutes les pièces noires sont en
8ème rangée et le GMI a des bonnes compensations} (25... Nd7 26. Ne6+ {[%csl
Gb3,Rf8]} Kf7 27. Re1 $44 {[%cal Gb3f7,Ge6g7,Ge1e7]}) 26. Nb5 {11mns} g6 (26...
a6 27. Na7 $5 g6 28. c6 $1 bxc6 29. Nxc6 Rb6 30. Nd8 $40 {[%csl Rc8][%cal
Gc1c8,Gd8e6]}) 27. Nxa7 Kg7 28. c6 $1 {05mns} bxc6 {19mns} 29. Rxc6 Re8 30. Ba4
{[%cal Ga4e8] 03mns} Bf8 31. Rc2 Be6 $6 {pourquoi rendre la qualité?} (31...
Re4 $142 {[%cal Ge4a4]} 32. Nxc8 Rxa4 33. b3 Re4 $17) 32. Bxe8 Rxe8 $11 33. a3
Bb3 34. Rd7+ Kh6 35. Rc3 {[%csl Ra7,Rh6]} Be6 36. Rb7 Bd5 37. Rd7 $2 {Permet
aux noirs de gagner un tempo important pour faire rejouer le N} (37. Rb5 $142
Re1+ 38. Kh2 Rd1 39. Rc8 {[%cal Gc8a8,Gc8f8]} Bd6 40. Rd8 $1 $36 {[%csl Rd1,
Rd5,Rd6]}) 37... Nb6 $17 38. Rdc7 Re1+ 39. Kh2 Bd6 $1 {[%cal Gd6h2,Gf5f4]} 40.
Rc1 {20 mns en phase ko} Re4 41. R7c2 f4 $36 42. g4 f3+ 43. g3 {17mns} Re2 $6 (
43... Be5 $142 $5 44. Nb5 Bb3 45. Rd2 Nc4 $40 {[%csl Rb2][%cal Gc4d2,Ge5b2]})
44. Nb5 Be5 45. g5+ $1 Kh5 (45... Kxg5 46. Rxe2 fxe2 47. f4+ Bxf4 48. gxf4+
Kxf4 49. Nc3 Ke3 50. Kg3 Kd2 51. Nxe2 Kxe2 52. Rc7 h5 53. Rc5 Be4 {[%cal Ge4f5]
} 54. a4 Nd5 $13 {[%csl Ga4]}) (45... Kg7) 46. Nc3 $4 (46. Rxe2 $142 $1 fxe2
47. f4 Bxb2 48. Re1 Bf3 49. Kh3 $1 {[%csl Rh5][%cal Gg3g4]} Bg4+ 50. Kg2 Bd7 (
50... Nd5 $4 51. Rh1+) 51. Rxe2 Na4 $13) 46... Bxc3 $1 47. bxc3 (47. Rxc3 Rxf2+
) 47... Be4 $19 (47... Kg4) 48. Rxe2 fxe2 49. f3 Bxf3 50. Kg1 Nc4 (50... Kxg5)
(50... Kg4) 51. Kf2 Bg4 52. Ra1 Nb2 {[%cal Gb2d3,Ge2e1]} 53. Ke3 Kxg5 (53...
Nd1+) 54. Kd2 Nc4+ 55. Kd3 Nxa3 $1 56. c4 Nb1 $1 {[%cal Gg4f5]} 57. Ra5+ Kf6
58. Ra6+ Ke7 59. Ra7+ Kd6 60. Ra6+ Kc5 61. Ra5+ Kc6 62. Re5 h5 63. Kc2 g5 $1
64. Kc1 (64. Kxb1 h4 65. gxh4 gxh4 66. Kc2 h3) 64... h4 {[%mdl 520]} 0-1

[Event "Malakoff op 09th"]
[Site "Malakoff"]
[Date "2009.04.12"]
[Round "3"]
[White "Sveshnikov, Vladimir"]
[Black "Abergel, Thal"]
[Result "1-0"]
[WhiteElo "2385"]
[BlackElo "2497"]
[Annotator "Malakoff/Primel,D"]
[PlyCount "125"]
[EventDate "2009.04.11"]
[EventType "swiss"]
[EventRounds "9"]
[EventCountry "FRA"]
[SourceTitle "EXT 2010"]
[Source "ChessBase"]
[SourceDate "2010.11.25"]
[SourceVersion "1"]
[SourceVersionDate "2010.11.25"]
[SourceQuality "1"]

1. e4 c5 2. c3 {Sans surprise, les blancs choisissent le répertoire "familial"!
} Nf6 3. e5 Nd5 4. Nf3 Nc6 5. Bc4 Nb6 6. Bb3 c4 7. Bc2 {[%cal Gb2b3]} Qc7 {
[%cal Gc6e5]} (7... d6 $143 {Sveshnikov,V (2385)-Shirazi,K (2404) Malakoff
09th Op 2009 (5.1) 1-0}) (7... g5 $143 8. Nxg5 Nxe5 9. O-O d6 (9... h6 10. Qh5
$36)) 8. Qe2 g5 $1 {[%csl Re5][%cal Gg5g4,Gf8g7] La ligne critique lorsque les
blancs jouent Bc4 avant d4} 9. h3 {TIVIAKOV est le top GMI spécialiste de la
variante ALAPINE et il choisit souvent cette ligne 9.h3 avec des bons
résultats.} (9. e6 {L'alternative} dxe6 10. Nxg5 Qe5 11. d4 cxd3 12. Bxd3 Qxe2+
13. Bxe2 h6 14. Ne4 Bg7 $132 {Sveshnikov,E (2512)-Trofimov,S (2412)
Cheliabinsk 2004 1/2} (14... e5) (14... f5)) 9... Bg7 {[%cal Gg7e5,Gc6e5,Gc7e5]
la variante 8. g5 est active en faisant pression sur le centre blanc et elle
permet aussi un développement rapide de l'aile-roi par Bg7 pour continuer la
lutte pour les cases noires.} 10. O-O Nxe5 11. Nxg5 d5 12. Na3 $5 {Une idée
récente et encore peu explorée par la théorie.} ({RR} 12. Re1 h6 (12... e6 $5
13. Na3) 13. Nf3 Nc6 14. d4 Be6 15. Nh4 O-O-O 16. Bf5 Bxf5 17. Nxf5 Bf8 18. Qg4
e6 19. Nh4 Bd6 20. Nf3 h5 21. Qh4 Ne7 22. Qg5 Rdg8 23. Qd2 Rg7 24. Kh1 Rhg8 25.
Rg1 f6 26. Na3 a6 {Sveshnikov,V (2378)-Vovk,A (2504)/Pardubice 2007/CBM 119
ext/0-1 (46)}) (12. a4 Bd7 13. a5 $11 {Tiviakov,S (2678)-Shabalov,A (2593)
Monarch Assurance 14th 2005 (5) 0-1}) (12. Bxh7 $6 Bf6 {les noirs sont ok avec
Bf6 mais le sacrifice de qualité semble presque meilleur et il mériterait un
essai pratique.} (12... Rxh7 $5 $146 13. Nxh7 Bf5 14. Qh5 Bg6 15. Qh4 O-O-O
$132)) 12... Bd7 $1 $146 {[%csl Gb5][%cal Ge8c8]} ({RR} 12... h6 $143 13. Nf3
Nxf3+ 14. Qxf3 $14 {[%csl Rd5,Rf7][%cal Ga3b5]} e5 15. Qg3 Bf6 16. d4 cxd3 17.
Bxd3 Be6 18. Be3 a6 19. Qf3 Nd7 20. Bf5 e4 21. Qh5 Qe5 22. Bg4 Rg8 23. Qxe5
Nxe5 24. Bxe6 fxe6 25. Nc2 Kf7 26. Rad1 Rg6 27. Kh1 {Seger,R (2395)-Schneider,
I (2442)/Germany 2008/CBM 124/0-1 (33)}) 13. Re1 (13. Bxh7 $6 {Il est douteux
pour les blancs de vouloir prendre le P car avec deux colonnes ouvertes sur le
K adverse а l'aile-roi, les noirs ont des bonnes compensations.} O-O-O $1 $44 {
[%csl Rg1,Rg2][%cal Gg7f6,Gd8g8]} (13... Bf6 $143 14. d4 cxd3 15. Bxd3)) 13...
h6 $6 {semble trop lent et les blancs vont forcer l'échange du fort Ne5} (13...
O-O-O $142 14. d4 cxd3 15. Bxd3 Nxd3 {Avec la paire de B, les noirs ont au
moins égalisé.}) (13... Bf6 $11 14. Nxh7 O-O-O 15. Nxf6 exf6 16. d4 cxd3 17.
Bxd3 Rde8 $36) 14. Nf3 Nxf3+ 15. Qxf3 $14 {[%csl Rd5,Gf3,Rf7]} e5 $6 {[%csl
Re8] Intuitivement ce coup me parait risqué et le sacrifice de P du OOO
paraissait plus prometteur} (15... Bf6 $4 16. Qxf6) (15... O-O-O $142 $1 16. d4
(16. Rxe7 Rde8 17. Nb5 Qc5 {[%cal Ge8e7]} 18. Rxe8+ (18. Nxa7+ $2 Kb8) 18...
Rxe8 19. a4 a6 $44 {[%csl Ra1,Rc1]}) 16... cxd3 17. Bxd3 Be5 18. Qxf7 Rdf8 19.
Qxe7 Bh2+ 20. Kf1 (20. Kh1 $4 Re8) 20... Rxf2+ $3 {La pointe de la variante 15.
ooo!} 21. Kxf2 Qg3+ 22. Ke2 Re8 $40) 16. Qg3 $1 $36 {[%csl Re5,Rg7][%cal Gg3c7]
Un autre problème résultant de la poussée e7e5 est le fait que les noirs ne
peuvent pas jouer Bf6 dans des bonnes conditions car il n'y a plus de P"e7"
pour protéger le B} (16. d4 cxd3 17. Bxd3 O-O (17... O-O-O 18. Qxf7 {les
pièces blanches sont maintenant mieux développées par rapport а la variante 15.
ooo et les noirs n'ont pas assez de compensations})) 16... Bf6 17. d4 (17. b3
$5 {thématique lorsque les noirs ont joué c5c4 tout en ouvrant l'aile-dame
pour anticiper sur le ooo des noirs.} O-O-O (17... cxb3 $143 18. axb3 $14 {
[%csl Ga1][%cal Ga1a7]}) 18. bxc4 (18. Qf3 Bg5 19. bxc4 dxc4 20. Rb1 $14 {
[%cal Gb1b7,Gf3b7,Gf3f7]} Bc6 21. Qf5+) 18... Nxc4 19. Nxc4 Qxc4 20. Bb3 Qc6
21. d4 (21. Qf3 e4 22. Qe3 Rhg8 $132 {[%cal Gd7h3]} (22... Bg5)) 21... Rdg8 $1
(21... exd4 22. Qf3 {[%cal Gb3d5]}) 22. Qf3) 17... cxd3 18. Bxd3 Be6 $6 (18...
O-O-O $142) 19. Nb5 $36 Qb8 20. f4 (20. Be3) 20... e4 21. Bf1 a6 22. Be3 axb5
23. Bxb6 $16 {[%csl Rb5][%cal Gf1b5]} Bd7 $6 24. Rad1 $32 {[%csl Ra8,Re8]} Ra6
25. Bf2 (25. Bc5 {[%csl Re7,Rf8]}) 25... Bc6 {(=)} 26. a3 {les blancs sont
mieux et ils refusent la nulle а juste titre mais par contre la proposition de
nulle a peut-être un peu déconcentré les blancs qui n'ont pas trouvé la
meilleure suite 26.a4} (26. a4 $142 $1 Rxa4 (26... bxa4) 27. Rxd5 $1 Bxd5 28.
Bxb5+ $40) 26... Qc7 27. Bd4 (27. Qg4) 27... Bxd4+ 28. Rxd4 Kf8 29. Qf2 Qe7 30.
Re3 Rg8 $13 31. Kh2 Rg6 32. g3 Qf6 33. Re1 Ra4 $1 34. Rb4 Rxb4 35. axb4 d4 $1
36. cxd4 (36. Qxd4 Qxd4 37. cxd4 Rd6 $132) 36... Qe7 37. f5 Rf6 38. Bg2 Bd5 39.
Re2 Qxb4 40. Bxe4 Bc4 $6 (40... Bxe4 $142 41. Rxe4 Kg7 42. Rg4+ Kh7) 41. Rd2
Qd6 42. Qf3 Qe7 43. d5 (43. Bxb7) 43... Qe5 44. h4 $2 {Le zeitnot était
pourtant passé} (44. b3 {[%csl Rc4]}) 44... Rd6 45. Qf4 (45. Qa3 {[%csl Rd6]}
Kg7 46. Bg2 Rd8 47. Qf3) 45... Qxf4 46. gxf4 Ke7 47. Kg3 Rd8 48. Kg4 Rd6 49.
Kh5 {[%csl Rh6]} b4 50. f6+ Rxf6 51. d6+ $1 Kd7 (51... Rxd6 $2 52. Rxd6 Kxd6
53. Kxh6 {[%csl Gh4][%cal Gh4h8]}) 52. f5 {[%csl Rf6]} Rxd6 $6 53. Rxd6+ Kxd6
54. Bxb7 Ke5 55. Bc8 Kf6 56. Kxh6 Bd3 57. Kh7 $40 Be2 58. Kg8 Bh5 59. Bd7 Ke7
60. Bc8 f6 $2 (60... Kf6 {[%csl Rg8]}) 61. Kg7 Bf7 62. Ba6 Bh5 63. Bc4 {
[%mdl 4104]} 1-0

[Event "Malakoff op 09th"]
[Site "Malakoff"]
[Date "2009.04.12"]
[Round "3"]
[White "Okhotnik, Vladimir"]
[Black "Onkoud, Abdelaziz"]
[Result "1-0"]
[WhiteElo "2451"]
[BlackElo "2377"]
[Annotator "Malakoff/Primel,D"]
[PlyCount "43"]
[EventDate "2009.04.11"]
[EventType "swiss"]
[EventRounds "9"]
[EventCountry "FRA"]
[SourceTitle "EXT 2010"]
[Source "ChessBase"]
[SourceDate "2010.11.25"]
[SourceVersion "1"]
[SourceVersionDate "2010.11.25"]
[SourceQuality "1"]

1. e4 c5 2. c3 d6 {Cette variante était а la mode au début des années 90 mais
elle se joue moins maintenant} 3. d4 Nd7 (3... Nf6 {la grande ligne} 4. Bd3 (4.
f3) (4. dxc5 $143)) (3... cxd4 $6 4. cxd4 $16 {[%csl Gd4,Ge4]}) 4. Nf3 (4. f4)
4... Qc7 5. Bd3 Ngf6 6. O-O e5 ({RR} 6... g6 7. Re1 e5 8. dxe5 dxe5 9. Nbd2 Bg7
10. a4 O-O 11. a5 Rb8 12. Bb5 b6 13. a6 Rd8 14. Nc4 Nf8 15. Qb3 Be6 16. Ng5 h6
17. Nxe6 Nxe6 18. f3 h5 19. h4 Ne8 20. Ne3 Qe7 21. g3 {Strikovic,A (2518)
-Vratonjic,S (2452)/Vrnjacka Banja 1999/EXT 2000/1/2-1/2 (55)}) 7. dxe5 (7. Qe2
$142 {Salai,L (2405)-Mudrak,J (2330) Brno-B 1995 (5) 1-0}) 7... dxe5 8. Nbd2
$146 ({RR} 8. Qe2 Be7 9. a4 O-O 10. Na3 {RR} b6 11. Bg5 h6 12. Bh4 Bb7 13. Nc4
Rfe8 14. Bxf6 Bxf6 15. Ne3 Nf8 16. Qc2 a6 17. Bc4 g6 18. Rfd1 Bg7 19. Bd5 Bxd5
20. Rxd5 h5 21. Qb3 Bh6 22. Nc4 b5 23. Na3 Ne6 24. axb5 axb5 25. Rad1 {David,P
(2440)-Mudrak,J (2335)/Brno 1995/EXT 1999/[Bulletin]/1/2-1/2 (76)}) (8. c4 $5 {
[%cal Gb1c3] Les pièces noires sont mal placées pour exploiter la case "d4"
alors que les blancs peuvent jouer Nd5} Be7 9. Nc3 {[%cal Gc3d5]} O-O 10. Qc2
Rd8 11. Nd5 Nxd5 12. exd5 g6 13. Re1 $36 {[%csl Gd5]}) 8... Be7 9. a4 {[%cal
Gd2c4]} O-O 10. Nc4 $14 h6 $6 {Empêche Bg5 mais les cases blanches sont
affaiblies et h6 peut même devenir une faiblesse non néglieable. Elle sera
d'ailleurs exploitée dans la partie.} 11. Re1 $1 {[%cal Ge1e4,Gf3h4,Ge7h4] Un
autre coup subtil, les blancs vont surprotéger "e4" pour jouer Nh4 sans
craindre la réponse Ne4 attaquant le Nh4} Re8 12. Nh4 $1 {[%csl Gf5]} Bf8 (
12... Nb6 $142 $5 {[%csl Gc8][%cal Gb6c4,Gc8f5] Il fallait peut-être essayer
de soulager la défense en échangeant des pièces} 13. a5 Nxc4 14. Bxc4 Be6 $1
15. Bxe6 fxe6 {[%csl Gh4]} 16. Qb3 c4 {La structure noire est endommagée mais
c'est moins grave que de laisser s'installer un Nf5 en particulier dans les
mains d'un attaquant comme OKHOTNIK}) 13. Nf5 $36 {[%csl Gf5][%cal Gf5h6,Gf5g7]
} Kh7 {[%cal Gg7g6] Le problème d'avoir joué h6 se fait sentir, les noirs sont
obligés de perdre du temps а protéger le P"h6" avant de jouer "g6" pour
chasser le N mais les blancs vont trouver une forte attaque} 14. Qf3 $1 Ng8 $2
(14... g6 $142 15. Nfe3 Bg7) 15. Nxh6 $3 {le P "h6' est pourtant protégé 4
fois !} Nxh6 16. Bxh6 {[%csl Rf7]} Re6 (16... Kxh6 $4 17. Qh3+) (16... gxh6 17.
Qxf7+ {[%cal Gf7e8] Exploitant le retard de développement de l'aile-dame}) 17.
Bg5 Rg6 18. Qxf7 $3 {[%cal Ge1e3,Ge3h3]} Rxg5 19. Re3 Rg6 20. Rh3+ Rh6 21.
Rxh6+ Kxh6 22. Ne3 {[%mdl 2560] Une superbe partie de ce joueur souvent
dangereux en open} 1-0

[Event "Malakoff op 09th"]
[Site "Malakoff"]
[Date "2009.04.16"]
[Round "9"]
[White "Sveshnikov, Vladimir"]
[Black "Franco Alonso, Alejandro"]
[Result "1/2-1/2"]
[WhiteElo "2385"]
[BlackElo "2479"]
[Annotator "Malakoff/Primel,D"]
[PlyCount "70"]
[EventDate "2009.04.11"]
[EventType "swiss"]
[EventRounds "9"]
[EventCountry "FRA"]
[SourceTitle "EXT 2010"]
[Source "ChessBase"]
[SourceDate "2010.11.25"]
[SourceVersion "1"]
[SourceVersionDate "2010.11.25"]
[SourceQuality "1"]

1. e4 c5 2. c3 Nf6 3. e5 Nd5 4. Nf3 e6 5. d4 cxd4 6. cxd4 d6 (6... b6 {
l'alternative a moins bonne réputation théorique} 7. Nc3 Nxc3 8. bxc3 Qc7 9.
Bd2 Bb7 10. Bd3 d6 11. O-O Nd7 12. Ng5 $1 $36 {Le N est une forte pièce
d'attaque dans l'ALAPINE} (12. Re1 $143)) 7. Nc3 (7. Bc4 Nc6 (7... Nb6)) (7. a3
{[%cal Gf1d3]}) 7... Nxc3 8. bxc3 Qc7 9. Bd2 Nd7 $1 {Par rapport а la ligne 6.
b6, les noirs ont un temps de plus et les blancs seront obligés d'abandonner
le centre par ed6} (9... b6 $143 {retombe sur la variante 6. b6}) 10. Qa4 $5 {
[%cal Ga4e8] Une variante surprise pour éviter la préparation adverse et une
nulle suffisait aux blancs pour remporter le tournoi. Comme son père avait
perdu toute chances de bien figurer dans le tournoi avant cette dernièrer
ronde, il est probable qu'ils avaient préparé spécialement cette partie pour
réaliser la norme de MI et terminer 1er. Il était donc trés intéressant de
voir la préparation sur la variante fétiche 2.c3 L'intérêt principale est de
pouvoir garder le centre en clouant le Nd7} (10. exd6 Bxd6 $11 {Sveshnikov,E 
(2541)-Filippov,V (2605) RUS-ch KO Moscow 1999 (3.5) 1-0}) 10... Be7 (10...
dxe5 11. Nxe5 Bd6 12. Nc4 $14 {Adamski,A (2335)-Janssen,R (2345) ECI IM U18
25th 1998 (6) 1/2}) (10... b6 {parait risqué pour les noirs} 11. Bb5 $36 {
[%csl Rd7,Re8][%cal Gb5c6];Rohler,S (2235)-Levin,F (2501) Oberwart op 27th
2005 (6) 1-0}) 11. exd6 $1 {Les blancs gagnent un tempo!} Bxd6 12. Bd3 O-O 13.
O-O b6 (13... Bf4 $5 {tentant mais un peu douteux} 14. Qc2 h6 15. Rfe1 b6 16.
c4 Bb7 17. Bxf4 Qxf4 18. Bh7+ Kh8 19. Be4 Bxe4 20. Rxe4 Qf5 21. Qe2 $14 {
Wohl,A (2440)-Milov,V (2640) Australian op 1999 (7) 0-1} (21. Rae1)) 14. Qc2 {
[%csl Rh7]} g6 {[%csl Rf6,Rh6]} 15. Rfe1 Bb7 16. Be4 Rac8 17. a4 {[%cal Ga4a5]
la position est plus agréable а jouer pour les blancs} Bc6 (17... Bxe4 $5 {
[%csl Rc3,Rd4] La structure c3d4 conduit а considérer l'échange du B de cases
blanches comme un coup candidat.} 18. Qxe4 Qc6 19. Qh4) 18. Qd3 (18. Bxc6 Qxc6
19. Ng5 {[%cal Gg5e4]} Rfe8 20. Ne4 Be7) 18... Qb7 19. Bxc6 Qxc6 20. Ng5 Rfe8
21. Ne4 Be7 22. Qg3 Nf6 23. Qe5 $2 Nxe4 $1 24. Qxe4 (24. Rxe4 $4 Bd6) 24...
Qxe4 25. Rxe4 Red8 $15 {[%csl Rc3,Rd2,Rd4]} 26. Ra2 (26. a5 $6 b5 {[%csl Rc4]})
26... Rd5 27. Re1 Bf6 28. f4 $6 {[%csl Rd2,Re3,Rf4] Le Bd2 devient assez
mauvais} h6 (28... Ra5 29. Rb1 Rc4 $36) 29. Rb1 Rc4 30. Kf1 g5 (30... Ra5) 31.
fxg5 hxg5 32. Ke2 Rc8 33. Rb5 Kf8 34. h3 Ke7 35. Kd3 Rcd8 1/2-1/2